000 00660nam a2200181Ia 4500
008 100921s9999 xx 000 0 und d
082 _b44026
_a891.461 न 08
100 _aपाटणकर भाऊसाहेब.
245 _aदोस्त हो !-आ-3.
260 _bउत्कर्ष प्रकाशन, पुणे.
_c2008
300 _a72
_bअक्षरधारा प्रदर्शन.
365 _b40
520 _aललित-काव्य-गजल.
630 _aदोस्त हो !-आ-3.
650 _aललित-काव्य-गजल.
730 _aदोस्त हो !-आ-3.
942 _cBOOK
999 _c793139
_d793136